|
|
|
|
| LEADER |
01343nam a2200301 a 4500 |
| 001 |
GR-MES13367 |
| 008 |
071010s nyu b 001 0 gre d |
| 020 |
|
|
|a 0387370196
|q (hc: alk.paper)
|
| 040 |
|
|
|a GrPaTEI
|b gre
|c GR-PaULI
|
| 040 |
|
|
|a GrPaTEI
|b gre
|c GR-PaULI
|
| 082 |
|
0 |
|a 025.04
|2 21
|
| 245 |
0 |
0 |
|a Ontologies :
|b A handbook of principles, concepts and applications in information systems ; Edited by: Raj Sharman, Rajiv Kishore, Ram Ramesh.
|
| 250 |
|
|
|a 1st ed.
|
| 260 |
|
|
|a New York :
|b Springer,
|c c2007
|
| 300 |
|
|
|a xix, 930σ. :
|b εικ. ;
|c 25εκ.
|
| 490 |
0 |
|
|a Integrated series in information systems. 14
|
| 504 |
|
|
|a Περιλαμβάνει βιβλιογραφίες και ευρετήριο.
|
| 650 |
|
0 |
|a Ontologies (Information retrieval)
|
| 650 |
|
0 |
|a Semantic web
|
| 650 |
|
4 |
|a Σημασιολογικός ιστός
|
| 650 |
|
4 |
|a Συστήματα αποθήκευσης και ανάκτησης πληροφοριών
|
| 700 |
1 |
|
|a Kishore, Rajiv
|
| 700 |
1 |
|
|a Ramesh, Ram
|
| 700 |
1 |
|
|a Sharman, Raj
|
| 942 |
|
|
|2 ddc
|
| 952 |
|
|
|0 0
|1 0
|2 ddc
|4 0
|6 025_040000000000000_ONT
|7 0
|9 271874
|a MSLG
|b MSLG
|c BSC
|d 2021-01-17
|e 24
|f 0
|g 0.00
|l 0
|o 025.04 ONT
|p 2420000022617
|r 2021-01-17 00:00:00
|t 1
|w 2021-01-17
|y BK15
|x 20071010 0 ΤΣΑΝΤΑΡΛΛΙΩΤΗ 1
|x GrPaTEI
|
| 971 |
|
|
|a .b25794152
|b 15-04-20
|c 13-09-16
|
| 999 |
|
|
|c 157132
|d 157132
|